000 00785cam a22002893a 4500
001 1367
003 PGUSA
005 20140828083000.0
008 980601s1998||||xxu|||||s|||||000 1 eng d
040 _aPGUSA
_beng
042 _adc
050 4 _aPR
050 4 _aPZ
100 1 _aOuida,
_d1839-1908
245 1 0 _aFindelkind
_h[electronic resource] /
_cOuida
260 _bProject Gutenberg,
_c1998
506 _aPublic domain in the USA.
516 _aElectronic text
653 _aOrphans -- Juvenile fiction
653 _aShepherds -- Juvenile fiction
653 _aDomestic fiction
653 _aGrandfathers -- Juvenile fiction
653 _aChildren's stories
830 0 _aProject Gutenberg
_v1367
856 4 0 _uhttp://www.gutenberg.org/ebooks/1367
942 _cEB
999 _c230715
_d230715